00547 2200181 4500001002100000008004100021035002000062245009500082100001900177250002000196260004300216300002000259020002200279084002100301082001500322650001900337990000900356INLIS000000000001515 ind  a0010-0425001515 aProduk Olahan dari Umbi-UmbianbBuku Pengayaan Pengetahuan Tingkat SMP/MTscMaya Rohmayati aMaya Rohmayati aCetakan pertama aDepok :bCV Mukti Warna Grafika,c2018 a74 hlm.c25 cm. a978-602-577-002-9 a633.492.20 MAY p a633.492.20 aMaya Rohmayati a4931